=LDR 00000nam 2200000 4500 =001 INLIS000000000020603 =005 20140621123543.0 =006 =007 =008 Ind =035 ##$$a 0010-061300000020603 =041 ##$$a Ind =082 ##$$a 786 =090 ##$$a 786, Anu t =100 ##$$a Anugrah, Dandy =245 ##$$a Teknik praktis mengiringi lagu-lagu indonesia pilihan dengan arum, Dandy Anugrah =260 ##$$a 2003 $b Jakarta =300 ##$$a 76 hlm, ilus, 28 cm =650 ##$$a Drum (Musik) =850 ##$$a NBPNMAT